| 000 | 00656nam a22001937a 4500 | ||
|---|---|---|---|
| 999 |
_c180583 _d180583 |
||
| 005 | 20210812110030.0 | ||
| 010 | _aENG-129833 | ||
| 020 |
_c1250.00 _a978-0-19-948938-1 |
||
| 035 | _aEN-113365 | ||
| 037 | _bDBAD/PUB | ||
| 082 | _a799.20954 | ||
| 100 | _aMandala, Vijaya Ramadas | ||
| 245 |
_aShooting a Tiger: _bBig-Game Hunting and Conservation in Colonial India/ _cVijaya Ramadas Mandala |
||
| 250 | _a2019 | ||
| 260 |
_bOxford University press _c2019 _aNew Delhi |
||
| 270 |
_a2/11 Ground floor,Ansari Road,Daryaganj _bNew Delhi _e110002 |
||
| 300 |
_a417 p. _c22cm (hbk) _bBibiliography, Index |
||
| 942 |
_2ddc _cEN _h799.20954 _kMAN |
||